Senior relax

Bibliographic Details
Format: Journal
Language:Slovak
PhysicalDescription:zv. 29 cm
Published: Bratislava Media/Juven 2015-
Subjects:

MARC

LEADER 00000cas a22000004a 4500
001 vtls010686609
003 SK-MaSNL
005 20260228162011.0
008 150617c20159999xo x p 0 b0slo c
040 |a SVKBB  |b slo  |c SVKBB  |d SNK  |e AACR2 
041 0 |a slo 
044 |a xo  |c SK 
072 7 |a 316.3  |x Globálne spoločnosti. Sociálna štruktúra. Sociálne skupiny  |2 konspekt 
072 7 |a 613  |x Hygiena. Ľudské zdravie  |2 konspekt 
080 |a 316.346.32-053.9  |2 2001 
080 |a 613.86  |2 2001 
245 0 0 |a Senior relax 
260 |a Bratislava  |b Media/Juven  |c 2015-  |f Alfa Print 
300 |a zv.  |c 29 cm 
310 |a [Nepravidelne] 
362 0 |a 1 (2015) - 
650 0 7 |a seniori  |2 SNKPH  |9 117453 
650 0 7 |a relaxácia  |2 SNKPH  |9 4284 
772 0 |t Harmonia  |x 1335-1281  |w vtls 001466836 
910 |a snk 
999 |c 6385  |d 8315 
952 |0 0  |1 0  |4 0  |7 0  |8 0  |a SNK  |b SNK  |d 2017-03-24  |i snk2017/7391  |l 0  |o snkČSB 4400/A/2015  |p 17A1205798  |r 2026-02-21 22:04:08  |t č. 1-5  |w 2026-02-21  |y PREZ 
952 |0 0  |1 0  |4 0  |7 0  |8 0  |a SNK  |b SNK  |d 2017-03-24  |i snk2017/7393  |l 0  |o snkČSB 4400/A/2015 D1  |p 17A1205799  |r 2026-02-21 22:04:12  |t č. 1-5  |w 2026-02-21  |y PREZ